000 00283nam a2200121Ia 4500
003 OSt
005 20230823102010.0
008 170524s9999 xx 000 0 und d
040 _cIIMT UNIVERSITY
100 _aJAIN P K
245 0 _aINTERNATIONAL FINANCIAL MANAGEMENT
942 _2ddc
_c02
999 _c9989
_d9989